00287nam a2200121Ia 4500008004100000050001000041050001500051100002200066245002600088260002600114260000900140300001600149160319s9999 xx 000 0 und d a372.6 bR456h 2001 aReyes, Maurita A. aHiyas ng Kayumanggi 3 bAbiva Pub. House Inc. c2001 a280 pages :